|
|
|
|
| LEADER |
00000nam0a2200000 4500 |
| 001 |
150639 |
| 005 |
20231031150235.0 |
| 010 |
|
|
|a 5855001776
|
| 020 |
|
|
|a RU
|b 91-58459
|
| 035 |
|
|
|a (RuTPU)RU\TPU\book\163318
|
| 090 |
|
|
|a 150639
|
| 100 |
|
|
|a 20090113d1991 m y0rusy5003 ca
|
| 101 |
0 |
|
|a rus
|
| 102 |
|
|
|a RU
|
| 105 |
|
|
|a a z 000ay
|
| 200 |
1 |
|
|a Обещай мне завтрашний день
|e повести о любви и не только
|f Т. Г. Тетенькина
|g худож. И. В. Исаев
|
| 210 |
|
|
|a Калининград
|c Калининградское книжное изд-во
|d 1991
|
| 215 |
|
|
|a 348,[3] с.
|c ил.
|d 21 см
|
| 333 |
|
|
|a Исключено из фонда НТБ ТПУ
|
| 700 |
|
1 |
|a Тетенькина
|b Т. Г.
|g Татьяна Григорьевна
|4 070
|
| 702 |
|
1 |
|a Исаев
|b И. В.
|4 440
|
| 801 |
|
0 |
|a RU
|b RuMRKP
|c 19950417
|g psbo
|
| 801 |
|
1 |
|a RU
|b 63413507
|c 20090113
|g PSBO
|
| 801 |
|
2 |
|a RU
|b 63413507
|c 20161114
|g PSBO
|
| 942 |
|
|
|c BK
|